Catálogo

Historia del diseño gráfico / (Registro nro. 6901)

Detalles MARC
000 -LEADER
fixed length control field 01239cam a2200325 i 4500
001 - CONTROL NUMBER
control field 6901
003 - CONTROL NUMBER IDENTIFIER
control field Mx-PuUPA
005 - DATE AND TIME OF LATEST TRANSACTION
control field 20250404092924.0
008 - FIXED-LENGTH DATA ELEMENTS--GENERAL INFORMATION
fixed length control field 140415s2000 mx ao gr 001 0 spa d
020 ## - INTERNATIONAL STANDARD BOOK NUMBER
International Standard Book Number 9701026721
040 ## - CATALOGING SOURCE
Original cataloging agency Mx-PuUPA
Language of cataloging spa
Transcribing agency Mx-PuUPA
Modifying agency Mx-PuUPA
Description conventions rda
041 1# - LANGUAGE CODE
Language code of text/sound track or separate title spa
Language code of original eng
100 1# - MAIN ENTRY--PERSONAL NAME
Personal name Meggs, Philip B.,
Relator term autor
240 12 - UNIFORM TITLE
Uniform title A history of graphic design.
Language of a work Español
245 10 - TITLE STATEMENT
Title Historia del diseño gráfico /
Statement of responsibility, etc. Philip B. Meggs ; traducción, Javier León Cárdenas
250 ## - EDITION STATEMENT
Edition statement Primera edición en español
264 ## - PRODUCTION, PUBLICATION, DISTRIBUTION, MANUFACTURE, AND COPYRIGHT NOTICE
Place of production, publication, distribution, manufacture México, D.F. :
Name of producer, publisher, distributor, manufacturer McGraw Hill/Interamericana editores,
Date of production, publication, distribution, manufacture, or copyright notice ©2000
300 ## - PHYSICAL DESCRIPTION
Extent 515 páginas :
Other physical details ilustraciones, fotografías ;
Dimensions 27 cm
336 ## - CONTENT TYPE
Fuente rdacontent
Content type term texto
Content type code txt
337 ## - MEDIA TYPE
Source rdamedia
Media type term sin medio
Media type code n
338 ## - CARRIER TYPE
Source rdacarrier
Carrier type term volumen
Carrier type code nc
650 #7 - SUBJECT ADDED ENTRY--TOPICAL TERM
Source of heading or term amarc
Topical term or geographic name entry element Diseño Gráfico
General subdivision Historia
650 #7 - SUBJECT ADDED ENTRY--TOPICAL TERM
Source of heading or term armarc
Topical term or geographic name entry element Imprenta
General subdivision Historia
700 1# - ADDED ENTRY--PERSONAL NAME
Personal name León Cárdenas, Javier,
Relator term traductor
765 1# - ORIGINAL LANGUAGE ENTRY
Main entry heading Meggs, Philip B.
Title A history of graphic design
Edition Third English edition
Place, publisher, and date of publication John Wiley & Sons, ©1998
International Standard Book Number 0471291986
942 ## - ADDED ENTRY ELEMENTS (KOHA)
Source of classification or shelving scheme Dewey Decimal Classification
Koha item type Libro
Classification part 686.209
Item part M4618
260 ## - PUBLICATION, DISTRIBUTION, ETC.
Place of publication, distribution, etc. MEXICO :
Name of publisher, distributor, etc. EDICIONES DE U.P.A.E.P.,
Date of publication, distribution, etc. 1992
Existencias
Withdrawn status Lost status Source of classification or shelving scheme Damaged status Not for loan Collection code Home library Current library Shelving location Date acquired Source of acquisition Total Checkouts Full call number Barcode Date last seen Date last checked out Price effective from Koha item type Copy number
    Dewey Decimal Classification     General Biblioteca Karol Wojtyla Biblioteca Karol Wojtyla Sala general 03/12/2013 Compra   686.209 M4618 2000 74798 05/01/2026 16/10/2017 03/12/2013 Libro  
    Dewey Decimal Classification     General Biblioteca Karol Wojtyla Biblioteca Karol Wojtyla Sala general 03/12/2013 Compra   686.209 M4618 2000 67274 05/01/2026   03/12/2013 Libro Ej. 2